MDQL
is popping MORE tags! Check the
thread
!
Quizzes
Events
Quiz Creation
Community
Videos
Private Events
Remove Ads
Sign In
Join for FREE
Feedback
Dark Mode
Quiz Categories
Sports
Geography
Music
Movies
Television
Just For Fun
Miscellaneous
History
Literature
Language
Science
Gaming
Entertainment
Religion
Holiday
For Kids
Quiz Lab
Recent
Popular Today
Quiz Kudos Today
Editor Picks
Curator Picks
Quizzes by...
Day
Popularity
Type
Ratings
Length
Year
Community
Subscriptions
Recent Discussions
Orange Saloon
Badges
Playlists
Quests
Create
Leaderboards
Showdown
Live 5
Trivia Bingo
Activity
Puzzle Library
Sporcle Events
Private Events
Virtual Trivia
Globe League
Become a Host
Pub Owners
SporcleCon
Opinionation
Our Games
Videos
Blog
Mobile Apps
Partnerships
Remove Ads and Go Orange
Feedback
Sports
Athletes
MLB
NBA
NHL
NFL
Soccer
Sports Teams
WWE
NCAA
Football
Premier League
Basketball
Baseball
Hockey
Golf
Tennis
Cricket
Rugby
Auto Racing
Olympics
World Cup
Sports
Athletes
MLB
NBA
NHL
NFL
Soccer
Sports Teams
WWE
NCAA
Football
Premier League
Basketball
Baseball
Hockey
Golf
Tennis
Cricket
Rugby
Auto Racing
Olympics
World Cup
Random Quiz
Search Sporcle
×
Quiz Lab
Quiz Lab
Sports
World
Type in answers that appear in a list
Type in answers that appear in a list
Classic
Best Score? Go Orange.
Female ski jumpers of 2012/2013 Stats
Can you name the female ski jumpers with at least one point in the 2012/2013 FIS Ski Jumping World Cup?
By
perrr
6m
55 Questions
76 Plays
76 Plays
76 Plays
Comments
Comments
Give Quiz Kudos
Give Quiz Kudos
-
- Ratings
hide this ad
Replay
Link that replays current quiz
Next Quiz
Link to next quiz in quiz playlist
You Got
0%
They Got
Avg Score
46%
Avg Friend Score
Upgrade to see
Score Distribution
Jump to the score distribution portion of the page
Score
0/55
Timer
06:00
0
Plays Today
Points
Athlete
% Correct
1297
Sara Takanashi
93.4%
1047
Sarah Hendrickson
80.3%
390
Daniela Iraschko
80.3%
823
Coline Mattel
73.7%
244
Maja Vtic
73.7%
210
Yuki Ito
73.7%
432
Lindsey Van
71.1%
612
Anette Sagen
69.7%
133
Maren Lundby
69.7%
387
Spela Rogelj
68.4%
481
Carina Vogt
65.8%
338
Ursa Bogataj
63.2%
817
Jacqueline Seifriedsberger
61.8%
373
Evenelyn Insam
61.8%
499
Katja Pozun
60.5%
228
Anja Tepes
60.5%
348
Line Jahr
57.9%
208
Atsuko Tanaka
55.3%
422
Jessica Jerome
53.9%
205
Elena Runggaldier
53.9%
284
Eva Logar
50%
22
Juliane Seyfarth
50%
91
Wendy Vuik
48.7%
61
Taylor Henrich
48.7%
28
Irina Avvakumova
48.7%
11
Barbara Klinec
48.7%
122
Lea Lemare
47.4%
88
Julia Clair
47.4%
Points
Athlete
% Correct
47
Julia Kykkaenen
47.4%
141
Katharina Althaus
44.7%
71
Bigna Windmueller
44.7%
71
Ulrike Graessler
40.8%
37
Michaela Dolezelova
39.5%
160
Abby Hughes
36.8%
52
Qi Liu
36.8%
105
Alexandra Pretorius
35.5%
99
Alissa Johnson
35.5%
6
Manuela Malsiner
35.5%
6
Chiara Hoelzl
35.5%
1
Yoshiko Kasai
35.5%
30
Ayumi Watase
34.2%
40
Ramona Straub
30.3%
23
Roberta D Agostina
30.3%
10
Gyda Enger
30.3%
78
Svenja Wuerth
28.9%
8
Anna Haefele
28.9%
23
Anastasiya Gladysheva
27.6%
21
Yurina Yamada
25%
111
Melanie Faisst
23.7%
16
Ayuka Takeda
21.1%
6
Sonja Schoitsch
17.1%
79
Yurika Hirayama
11.8%
12
Seiko Koasa
7.9%
88
Misaki Chigeno
5.3%
1
Aku Matsuhashi
5.3%
Quiz Playlist
Details
Report
Send in Message
Add To Playlist
Classic:
Type in answers that appear in a list
Quiz Source
Last Updated: Feb 16, 2017
Quiz Scoreboard
CHALLENGE
Sign Up to Join the Scoreboard
Show All
Scores
Hide
Comments
May contain spoilers
Recently Published
Colored Red Africa Blitz
by spor1
Geography
30s
Find the 'City' Movie
by crazypaving
Movies
60s
5x2 Blitz: Bands
by SL_Kpop136
Music
30s
More to Explore
Quiz From the Vault
Featured Blog Post
14 Easter Pick-up Lines to Find Eggs With
hide this ad
You Might Also Like...
Tags
Athletes Quiz
Nation Quiz
World Quiz
2012
2013
cup
female
fis
Jumper
Jumping
least
point
ski
Today's Top Quizzes in Sports
Browse Sports
hide this ad
Today's Top Quizzes in World
Browse World
Top Contributed Quizzes in Sports
1
Les meilleurs buteurs des matchs entre le PSG et l’OM
2
Les entraîneurs de l'OM et du PSG au 21e siècle
3
Les joueurs passés par le PSG et l'OM
4
2022 World Cup Stars
5
Players with Multiple 50 Home Run Seasons
6
Criteria MLB: Left Handed Sluggers
7
MLB Players with Two .350 Batting Average Seasons
8
Les joueurs passés par le LOSC et le RC Lens
9
NBA Logic Puzzle 2.0
10
Top 10 NHL Goal Scorers of All Time
Explore More
Trending Topics
Crossword
NBA
Kpop
Marvel
Harry Potter
Disney
Anime
Country
Soccer
NFL
Pokémon
Puzzle
WWE
Song
The Office
hide this ad
More By:
perrr
Quiz
Plays
Rating
Category
Featured
Created
Ski jumpers of 2009/2010
466
Sports
Aug 9, 2010
Male ski jumpers of 2013/2014
435
5.00
Sports
Mar 23, 2014
Male ski jumpers of 2012/2013
282
5.00
Sports
Mar 26, 2013
Best male ski jumper by nation
126
Sports
Mar 30, 2013
Female ski jumpers of 2012/2013
76
Sports
Mar 18, 2013
Go to Creator's Profile
Score Distribution
Quiz Creator Spotlight
perrr
Follow
Send a Message
Quizzes Created
-
Created Quiz Play Count
-
More By This Creator
Popular Quizzes Today
1
Colored Red Africa Blitz
2
Find the US States - No Outlines Minefield
3
Find the 'City' Movie
4
5x2 Blitz: Bands
5
The Countries of the World
6
Find the US States
7
Find the Countries of Europe - No Outlines Minefield
8
US States
More Sports Quizzes
NFL Top 10 Receiving Yards, 2000s & 2010s
Published
Trending Quizzes
Colored Red Europe Blitz I
Colored Red Europe Blitz II
Colored Red Africa Blitz II
Colored Red Europe Blitz III
Colored Red Africa Blitz III
Recently Updated
How Do You Spell That?
pecheneg
Godzilla Movies
pecheneg
Grab Bag: 4-10 Letters
pecheneg
2024 March Madness Bracket
pecheneg
Famous TV Couples
Peacemaker
Champions League XIs: Real Madrid
pecheneg
Largest US Cities 1790-2010
pecheneg
Rides in Walt Disney World
pecheneg
Most Oscar Losses (Acting)
pecheneg
Beyoncé Albums
pecheneg
Trending Topics
Harry Potter
Kpop
Marvel
NBA
Anime
Disney
Crossword
The Office
Song
Country
Soccer
Puzzle
Pokémon
NFL
WWE
Your Account Isn't Verified!
In order to create a playlist on Sporcle, you need to verify the email address you used during registration. Go to your
Sporcle Settings
to finish the process.
Report this User
Report this user for behavior that violates our
Community Guidelines
.
Details:
Send Report
Go to the Sporcle.com Mobile Site →
Comments